01375nam a2200253 i 4500001000700000003000700007005001700014008004100031080003100072245022700103246006000330260005600390300003100446490004300477594015200520650005800672650002500730700003000755700003900785830005100824852007900875999001900954952014800973185389SpMaBN20230906222423.0160527s2002 xxuh b |||| | spa d a821.134.2-14"15/16"(082.2)00aBibliografía de la poesía áurea b: muestra de unos versecillos de la antigua lírica popular que se cantaban en los siglos XVI y XVII / cbanco de datos preparado por Ralph A. DiFranco, José J. Labrador Herraiz.3 aBibliografía de la poesía áurea. pBanco de datos aCleveland : b[Cleveland State University], c2002. a20 p. : bfacs. ; c26 cm.1 aCancioneros castellanos. aAnejo ; v3 aEn cub.: Obsequio a los amigos de "The 118th MLA Annual Convention, Session 454: The Popular Tradition in Poetry", diciembre 27-30, 2002, New York. 7aPoesías líricas españolas-yS.XVI-XVII.9159680 4aCancioneros.91596811 aDiFranco, Ralph A.9447931 aLabrador Herraiz, José J.9692880 aCancioneros castellanos. aAnejo ; v39225198 aES-MaACLj2330-F-22 z. - Dedicatoria autógrafa de J.J. Labrador Herraiz c185389d185389 001040708Colección_de_folletosaATENEOMbATENEOMcDEPOFd2016-05-27eDONl0o2330-F-22p1195317r2023-02-23 00:00:00w2023-02-23yFOLLETOS